000 00729cam a2200229 a 4500
001 12702263
005 20180316042956.0
008 020313s2002 nyu 001 0 eng
010 _a 2002018573
020 _a0735524025
040 _aDLC
_cDLC
_dDLC
041 _aeng
043 _an-us---
080 _a343.73052 BAN
082 0 0 _a343.73052 BAN
_221
100 1 _a55
101 _aTAK
245 1 0 _aFederal income tax :
_cJoseph Bankman, Thomas D. Griffith, Katherine Pratt.
906 _a7
_bcbc
_corignew
_d1
_eocip
_f20
_gy-gencatlg
942 _2ddc
_cBK
999 _c45192
_d45192